Struts (Record no. 316248)
[ view plain ]
| 000 -LEADER | |
|---|---|
| fixed length control field | 00377nam a2200145Ia 4500 |
| 008 - FIXED-LENGTH DATA ELEMENTS--GENERAL INFORMATION | |
| fixed length control field | 230718s9999 xx 000 0 und d |
| 041 ## - LANGUAGE CODE | |
| Language code of text/sound track or separate title | eng |
| 082 ## - DEWEY DECIMAL CLASSIFICATION NUMBER | |
| Classification number | 005.2'762 |
| Item number | HOL |
| 100 ## - MAIN ENTRY--PERSONAL NAME | |
| Personal name | Holmes J. |
| 245 ## - TITLE STATEMENT | |
| Title | Struts |
| Remainder of title | The Complete Reference |
| 260 ## - PUBLICATION, DISTRIBUTION, ETC. (IMPRINT) | |
| Name of publisher, distributor, etc. | Tata Mc-graw Hill Pub. |
| 365 ## - TRADE PRICE | |
| Currency code | Rs. |
| Price amount | 475.00 |
| 700 ## - ADDED ENTRY--PERSONAL NAME | |
| Personal name | Holmes J. |
| 906 ## - LOCAL DATA ELEMENT F, LDF (RLIN) | |
| d | B:106070161713-Mar-2007 |
| c | IT |
| b | 95 |
| Withdrawn status | Lost status | Damaged status | Not for loan | Home library | Current library | Date acquired | Vendor | Budget Code | Cost, normal purchase price | Bill number | Total Checkouts | Full call number | Barcode | Date last seen | Discount | Cost, replacement price | Bill Date | Koha item type | Original Barcode |
|---|---|---|---|---|---|---|---|---|---|---|---|---|---|---|---|---|---|---|---|
| Cummins College of Engineering for Women Pune | Cummins College of Engineering for Women Pune | 30/03/2007 | Tmh | IT | 380.00 | 1060701617 | 005.2'762 | CCEP-BK-27455 | 18/07/2023 | 95 | 475.00 | 13/03/2007 | Books | 027455 |